000 00368nam a2200169Ia 4500
003 IT-RoPAU
008 120407s9999 xx 000 0 und d
040 _aIT-RoPAU
040 _cIT-RoPAU
100 _aDomenico Grasso
245 _aIl problema di Cristo
250 _aAssisi
260 _aPro Civitate Christiana
300 _c cm
490 _v1
942 _cBK
999 _c9874
_d9874